书目信息 |
| 题名: |
UI图标设计与制作
|
|
| 作者: | 汪兰川 , 刘春雷 著 | |
| 分册: | ||
| 出版信息: | 北京 人民邮电出版社 2021.04 |
|
| 页数: | 213页 | |
| 开本: | 26cm | |
| 丛书名: | 从零开始 | |
| 单 册: | ||
| 中图分类: | TP311.1 | |
| 科图分类: | ||
| 主题词: | 人机界面--ren ji jie mian--程序设计 | |
| 电子资源: | ||
| ISBN: | 978-7-115-55778-0 | |
| 000 | 01157nam 2200277 450 | |
| 001 | CAL 0120217136979 | |
| 005 | 20210330104636.7 | |
| 010 | @a978-7-115-55778-0@dCNY69.80 | |
| 100 | @a20210330d2021 em y0chiy0120 ea | |
| 101 | 0 | @achi |
| 102 | @aCN@b110000 | |
| 105 | @aa z 000yy | |
| 106 | @ar | |
| 200 | 1 | @aUI图标设计与制作@AUI tu biao she ji yu zhi zuo@f汪兰川, 刘春雷著 |
| 205 | @a第3版 | |
| 210 | @a北京@c人民邮电出版社@d2021.04 | |
| 215 | @a213页@c彩图@d26cm | |
| 225 | 2 | @a从零开始@Acong ling kai shi |
| 330 | @a本书利用图文和视频, 阐述了UI图标设计理念、创作过程、设计方法以及各类界面的设计技术等内容, 结合Photoshop软件中常用的各种工具和方法, 为UI设计师新手有针对性地剖析UI设计的设计思路和制作过程。本书重点介绍了当今各类风格图标的详细制作方法, 帮助读者从零开始, 举一反三, 不仅可以快速上手UI图标的设计, 还能在实际项目中对书中内容加以利用, 从而制作出属于自己的UI图标。 | |
| 410 | 0 | @12001 @a从零开始 |
| 606 | 0 | @a人机界面@Aren ji jie mian@x程序设计 |
| 690 | @aTP311.1@v5 | |
| 701 | 0 | @a汪兰川@Awang lan chuan@4著 |
| 701 | 0 | @a刘春雷@Aliu chun lei@4著 |
| 801 | 0 | @aCN@b人天书店@c20210330 |
| 905 | @aTSG@b0002359@dTP311.1@eW060@f2 | |
| UI图标设计与制作/汪兰川, 刘春雷著.-第3版.-北京:人民邮电出版社,2021.04 |
| 213页:彩图;26cm.-(从零开始) |
| ISBN 978-7-115-55778-0:CNY69.80 |
| 本书利用图文和视频, 阐述了UI图标设计理念、创作过程、设计方法以及各类界面的设计技术等内容, 结合Photoshop软件中常用的各种工具和方法, 为UI设计师新手有针对性地剖析UI设计的设计思路和制作过程。本书重点介绍了当今各类风格图标的详细制作方法, 帮助读者从零开始, 举一反三, 不仅可以快速上手UI图标的设计, 还能在实际项目中对书中内容加以利用, 从而制作出属于自己的UI图标。 |
| ● |
| 相关链接 |
|
|
|
正题名:UI图标设计与制作
索取号:TP311.1/W060
 
预约/预借
| 序号 | 登录号 | 条形码 | 馆藏地/架位号 | 状态 | 备注 |
| 1 | 1539012 | 215390128 | 自科库301/301自科库 47排5列2层/ [索取号:TP311.1/W060] | 在馆 | |
| 2 | 1539013 | 215390137 | 自科库301/301自科库 47排5列2层/ [索取号:TP311.1/W060] | 在馆 |